Ładuje się......

Aphorisms and proverbs in the Katha-Sarit-Sagara /

Opis bibliograficzny
1. autor: Sternbach, L
Format: Printed Book
Język:English
Wydane: 1980.
LEADER 00323nam a2200097Ia 4500
008 121027s9999 xx 000 0 eng d
100 |a Sternbach, L 
245 |a Aphorisms and proverbs in the Katha-Sarit-Sagara / 
260 |c 1980. 
999 |c 63761  |d 63761 
952 |0 0  |1 0  |4 0  |7 0  |9 63738  |a UL  |b UL  |c ST2  |d 2012-10-27  |l 0  |p G2664  |r 2012-10-27  |w 2012-10-27  |y BK